| 000 | 01072nac a2200325 i 4500 | ||
|---|---|---|---|
| 003 | EG-ScBUE | ||
| 005 | 20250525083138.0 | ||
| 006 | m||||fq||z| 00| 0 | ||
| 008 | 100906s2000 maua f b 001 0 eng d | ||
| 020 | _a0071163255 | ||
| 020 | _a9780071163255 | ||
| 040 |
_aEG-ScBUE _beng _erda _cEG-ScBUE _dEG-ScBUE |
||
| 082 | 0 | 4 |
_a531.32 _bKEL _222 |
| 100 | 1 |
_aKelly, S. Graham, _918370 _eauthor. |
|
| 245 | 1 | 0 |
_aFundamentals of mechanical vibrations / _cS. Graham Kelly, the University of Akron. |
| 250 | _aSecond edition. | ||
| 250 | _aInternational edition. | ||
| 264 | 1 |
_aBoston, Massachusetts : _bMcGraw-Hill, _c2000. |
|
| 300 |
_axi, 629 pages : _billustrations ; _c24 cm + _e1 CD |
||
| 336 |
_2rdacontent _atext _btxt |
||
| 336 |
_2rdacontent _asounds _bsnd |
||
| 337 |
_aunmediated _2rdamedia _bn |
||
| 337 |
_aaudio _2rdamedia _bs |
||
| 338 |
_avolume _bnc _2rdacarrier |
||
| 338 |
_acomputer disc _bcd _2rdacarrier |
||
| 504 | _aIncludes bibliographical references and index. | ||
| 650 | 7 |
_aVibration. _918371 _2BUEsh |
|
| 655 | _vReading book | ||
| 942 |
_cBB _2ddc |
||
| 999 |
_c812 _d812 |
||